000 00211nam a2200073Ia 4500
008 170617s9999 xx 000 0 und d
100 _aSharma & Bharadwaj
245 0 _aTheory & Practice of Pharmaceutical Biochemcistry
260 _bMeerut Pragati
999 _c15009
_d15009